000 00332nam a22001457a 4500
008 210514b ||||| |||| 00| 0 eng d
020 _a9780534637279
041 _aeng
080 _a070
082 _a070
100 _a39
101 _aMED
245 _aPublic Speaking the Evolving Art
_cStephanie J. Coopman
942 _2udc
_cBK
999 _c57348
_d57348